000
00188 a2200097 4500
020
_a
9781416524588
041
_a
eng
100
_a
Medlicott, Joan
245
_a
Promise of change
942
_c
BK
999
_c
8394
_d
8394